Catálogo

APLICACION PRACTICA DE REGIMEN SIMPLIFICADO DEL IMPUESTO : (Registro nro. 35218)

Detalles MARC
000 -LEADER
fixed length control field 00504nam a2200169 a 4500
001 - CONTROL NUMBER
control field 35218
005 - DATE AND TIME OF LATEST TRANSACTION
control field 20180714003514.0
008 - FIXED-LENGTH DATA ELEMENTS--GENERAL INFORMATION
fixed length control field 140415s2000 000 0 spa d
020 ## - INTERNATIONAL STANDARD BOOK NUMBER
International Standard Book Number 9706461183
041 ## - LANGUAGE CODE
Language code of text/sound track or separate title spa
082 ## - DEWEY DECIMAL CLASSIFICATION NUMBER
Classification number 343.052
Item number REY
100 1# - MAIN ENTRY--PERSONAL NAME
Personal name REYES MORA, OSWALDO
245 10 - TITLE STATEMENT
Title APLICACION PRACTICA DE REGIMEN SIMPLIFICADO DEL IMPUESTO :
Remainder of title SOBRE LA RENTA. PERSONAS MORALES Y FISICAS
260 ## - PUBLICATION, DISTRIBUTION, ETC.
Place of publication, distribution, etc. [s.l.] :
Name of publisher, distributor, etc. PAC,
Date of publication, distribution, etc. 2000
300 ## - PHYSICAL DESCRIPTION
Extent 273
650 14 - SUBJECT ADDED ENTRY--TOPICAL TERM
Topical term or geographic name entry element IMPUESTO SOBRE LA RENTA
Existencias
Withdrawn status Lost status Source of classification or shelving scheme Damaged status Not for loan Collection code Home library Current library Shelving location Date acquired Source of acquisition Inventory number Total Checkouts Full call number Barcode Date last seen Date last checked out Price effective from Koha item type
    Dewey Decimal Classification     General Biblioteca Karol Wojtyla Biblioteca Karol Wojtyla Sala general 03/12/2013 Compra 151000000000000000047224 1 343.052 REY 53228 05/01/2026 05/11/2019 03/12/2013 Libro